DUCHOVNÍ ŽIVOT V TRADICI PRAVOSLAVNÉ CÍRKVE

Bibliographic Details
Main Author: Evdokimov, Pavel (Author)
Format: Article
Language:Czech

MARC

LEADER 00000nab a2200000uu 4500
001 vtls011141195
003 SK-MaSNL
005 20260303151127.0
008 230222|1989 xo |||||||||||||||||cze|
015 |a SNBRB 
035 |a (urnnbn)urn:nbn:sk:snk:ar-008caf 
035 |a (uuid)a070f745-b2ee-4ad0-ad2e-c9918995a7c1 
035 |a urn:nbn:sk:snk-abasyk 
040 |a SNKBUCL  |b slo  |c SNKBUCL  |e AACR2 
041 0 |a cze 
044 |a xo  |c SK 
100 1 |a Evdokimov, Pavel  |4 aut  |9 1061055 
245 1 0 |a DUCHOVNÍ ŽIVOT V TRADICI PRAVOSLAVNÉ CÍRKVE  |c Pavel Evdokimov 
773 0 |t Pravoslavný teologický sborník  |g Č. 15 (1989), s. 69-126 
958 |a OND 
958 |a EUIPO 
958 |a article14 
999 |c 2016150  |d 2018080